LEADER 00924nam0-2200265 --450 001 9911033779103321 005 20251020123447.0 100 $a20251020d1966----kmuy0itay5050 ba 101 0 $ager 102 $aAT 105 $a 001yy 200 1 $aTradition und Neuerung in der christlichen Kunst des ersten Jahrtausends$eStudien zur Geschichte des Weltgerichtsbildes$fBeat Brenk 210 $aWien$cIn Kommission bei H. Bohlaus Nachf.$d1966 215 $a258 p., 83 p. di tav.$cill.$d25 cm 225 1 $aWiener byzantinistische Studien$v3 610 0 $aGIUDIZIO UNIVERSALE$aIconografia 676 $a704.9484$v20 700 1$aBrenk,$bBeat$0158880 801 0$aIT$bUNINA$gREICAT$2UNIMARC 901 $aBK 912 $a9911033779103321 952 $aP2B 620 WBS 03$bFIL BIZ 3213$fFLFBC 959 $aFLFBC 996 $aTradition und Neuerung in der christlichen Kunst des ersten Jahrtausends$94446817 997 $aUNINA